Characterisation and properties of polyisoprene (IR)/polybutadiene (BR) rubber blends-reinforced silanised silica nano-filler (Record no. 74904)

MARC details
000 -LEADER
fixed length control field 01810nam a22002297a 4500
100 ## - MAIN ENTRY--AUTHOR NAME
Personal name Rehman, A
245 ## - TITLE STATEMENT
Title Characterisation and properties of polyisoprene (IR)/polybutadiene (BR) rubber blends-reinforced silanised silica nano-filler
260 ## - PUBLICATION, DISTRIBUTION, ETC. (IMPRINT)
Name of publisher Journal of Rubber Research, 25(3): 223-230.
Year of publication 2022
300 ## - PHYSICAL DESCRIPTION
Other physical details August
520 ## - SUMMARY, ETC.
Summary, etc Synthetic polyisoprene (IR) rubber and polybutadiene (BR) rubber were mixed together to produce three IR/BR blends. The loading of BR in the blends was varied from 10 to 30 phr. Silanised silica was used as a nano-filler as well as vulcanising filler to reinforce and crosslink the rubber simultaneously. The crosslinking in the rubber was achieved by activating the tetrasulfide group of silane bis[3-triethoxysilylpropyl]-tetrasulphide (TESPT) using a non-sulphur donor accelerator and zinc oxide as an activator. The hardness, tensile strength, elongation at break, stored energy density at break, modulus at 100% elongation (M100), crosslink density and abrasion resistance of the blends were measured. The increasing loading of BR had a detrimental effect on the hardness, tensile strength, elongation at break and M100 of the blends. On the other hand, the abrasion resistance and thermal stability of the blends improved with the loading of BR. The blend with 20 phr BR loading was selected as the optimum blend for better abrasion resistance and mechanical properties. The 80/20 (IR/BR) blend can be used for potential light truck tyre tread compounds.
650 ## - SUBJECT ADDED ENTRY--TOPICAL TERM
Topical Term Polyisoprene
650 ## - SUBJECT ADDED ENTRY--TOPICAL TERM
Topical Term Polybutadiene
650 ## - SUBJECT ADDED ENTRY--TOPICAL TERM
Topical Term Blends
650 ## - SUBJECT ADDED ENTRY--TOPICAL TERM
Topical Term Silica
650 ## - SUBJECT ADDED ENTRY--TOPICAL TERM
Topical Term Silane
650 ## - SUBJECT ADDED ENTRY--TOPICAL TERM
Topical Term Mechanical properties
650 ## - SUBJECT ADDED ENTRY--TOPICAL TERM
Topical Term Abrasion
700 ## - ADDED ENTRY--PERSONAL NAME
Personal name Saeed, F
700 ## - ADDED ENTRY--PERSONAL NAME
Personal name Shuib, R K
856 ## - ELECTRONIC LOCATION AND ACCESS
Uniform Resource Identifier https://doi.org/10.1007/s42464-022-00162-7
942 ## - ADDED ENTRY ELEMENTS (KOHA)
Koha item type Journals
Holdings
Withdrawn status Lost status Damaged status Not for loan Home library Current library Date acquired Koha item type
        RRII Library RRII Library 20/12/2022 Journals